| 000 | 00982nam a22002417a 4500 | ||
|---|---|---|---|
| 010 | _aA-721065 | ||
| 020 | _c400.00 | ||
| 035 | _aA-721065 | ||
| 037 | _aCen Lib / Ret | ||
| 040 |
_aDPL _bHN |
||
| 082 |
_a423.2 _bबाहरी |
||
| 245 |
_aराजपाल अंग्रेजी- हिंदीपारिभाषिक शब्दकोश / _bसंपादक हरदेव बाहरी |
||
| 246 |
_aRajpal English-hindi-Dictionary / _beditied by Hardev Bahari |
||
| 260 |
_aदिल्ली _bराजपाल एण्ड सन्ज़ _c1995 |
||
| 270 |
_bदिल्ली _aकश्मीरी गेट |
||
| 300 |
_a668p. _b18cm _cill |
||
| 650 | _aहिंदी--अंग्रेजी-- शब्दकोष | ||
| 650 | _aशब्दकोष | ||
| 650 | _aHindi-- English-- Dictionary | ||
| 650 | _a Dictionary | ||
| 700 | _aबाहरी, हरदेव | ||
| 942 |
_2ddc _cHN _h423.2 _mबाहरी |
||
| 999 |
_c122230 _d122230 |
||